| 000 | 00000nam 2200000zi 4500 |
| 001 | 9.911113 |
| 003 | CaOODSP |
| 005 | 20221107182301 |
| 006 | m o d f |
| 007 | cr cn||||||||| |
| 008 | 220512t19881988onc ob f000 0 fre d |
| 020 | |z066256166X |
| 040 | |aCaOODSP|bfre|erda|cCaOODSP |
| 043 | |an-cn--- |
| 086 | 1 |aJ32-3/40-1988F-PDF|zJ32-3/40 |
| 100 | 1 |aWebb, Kernaghan R., |eauteur. |
| 245 | 13|aLa lutte contre la pollution au Canada : |bla réglementation des années quatre-vingt : un document d'étude / |cpréparé à l'intention de la Commission de réforme du droit du Canada par Kernaghan Webb. |
| 264 | 1|aOttawa, Ontario : |bCommission de la réforme du droit, |c[1988] |
| 264 | 4|c©1988 |
| 300 | |a1 ressource en ligne (101 pages). |
| 336 | |atexte|btxt|2rdacontent/fre |
| 337 | |ainformatique|bc|2rdamedia/fre |
| 338 | |aressource en ligne|bcr|2rdacarrier/fre |
| 490 | 1 |aDocument d'étude ; |v40 |
| 490 | 1 |aSérie droit administratif |
| 500 | |aÉdition numérisée de l'imprimé [par Ministère de la justice Canada]. |
| 500 | |aPublié aussi en anglais sous le titre : Pollution control in Canada : the regulatory approach in the 1980s. |
| 504 | |aComprend des références bibliographiques. |
| 650 | 6|aPollution|xDroit|zCanada. |
| 710 | 1 |aCanada.|bCommission de réforme du droit du Canada, |eorganisme de publication. |
| 775 | 08|tPollution control in Canada : |w(CaOODSP)9.911114 |
| 830 | #0|aDocument d'étude (Canada. Commission de réforme du droit du Canada)|v40. |w(CaOODSP)9.910318 |
| 856 | 40|qPDF|s1.98 Mo|uhttps://publications.gc.ca/collections/collection_2022/jus/j32-3/J32-3-40-1988-fra.pdf |